000 00651nam a2200241Ia 4500
003 OSt
005 20221007102059.0
006 a|||||r|||| 00| 0
007 ta
008 221006b |||||||| |||| 00| 0 eng d
024 _a9,345
037 _cTextual
040 _aLCO
_cLCO
_beng
041 _2eng
_aeng
082 _aZw2,N06, P0
100 _aSeervai F.H.
_9704255
245 0 _aSeervai Legacy
_b Essays, Speeches, Tributes
260 _aNew
_bDelhi Universal Law Press India
_c2000
300 _a211
650 _aSeervai Legacy
_9704256
942 _hZw2,N06, P0
_cTEXL
999 _c1178908
_d1178908